| 000 | 00643nam a2200205Ia 4500 | ||
|---|---|---|---|
| 003 | OSt | ||
| 005 | 20251031115806.0 | ||
| 008 | 210210b2005 xxu||||| |||| 00| 0 eng d | ||
| 020 | _a81 260 1776 7 | ||
| 040 | _cAL | ||
| 082 | _a413 PANT | ||
| 100 |
_aPANYAM RAMASHESHA SHASTRI. ed. _dಪಣ್ಯಂ ರಾಮಶೇಷ ಶಾಸ್ತ್ರಿ _9243353 |
||
| 245 |
_aTelugu -Kannada nighantu. _bತೆಲುಗು - ಕನ್ನಡ ನಿಘಂಟು. |
||
| 260 |
_aN D _bSahitya Akademi _c2005 |
||
| 300 | _a333 | ||
| 650 |
_aTelugu Kannada Dictionary _9243354 |
||
| 690 |
_aDictionaries _9243355 |
||
| 906 | _a060420 | ||
| 942 |
_2ddc _cBK |
||
| 999 |
_c107377 _d107377 |
||